[Event "AUT-chT2W 9495"]
[Site "Austria"]
[Date "1994.??.??"]
[Round "?.7"]
[White "Lechenbauer, Karl"]
[Black "Haemmerle, Gernot"]
[Result "1/2-1/2"]
[WhiteElo "1780"]
[BlackElo "1780"]

1.e4 c5 2.Nf3 e6 3.d4 cxd4 4.Nxd4 Nc6 5.Nb5 Nf6 6.N1c3 Bb4 7.Nd6+ Ke7 8.Bf4 Qa5
9.Qd2 Bxc3 10.bxc3 Kf8 11.Bc4 Ne8 12.O-O Nxd6 13.Bxd6+ Kg8 14.f4 b5 15.Be2 h5
16.Kh1 Bb7 17.e5 g6 18.Bd3 Nd4 19.Bxg6 fxg6 20.Qxd4 Qa4 21.Qxa4 bxa4 22.Rab1 Bc6
23.Rb2 Kf7 24.Kg1 Rac8 25.c4 Rhg8 26.a3 Rh8 27.h4 Rh7 28.c5 Rhh8 29.Rb4 Rh7
30.Rfb1 Rhh8 31.Kf2 Rhe8 32.g3 Rh8 33.Ke3 Rhd8 34.Bb8 a6 35.Bd6 Ra8 36.Kd4 Rdc8
37.c4 Ke8 38.Kc3 Kf7 39.Kd4 Ke8 40.Rg1 Kf7 41.Ke3 Rh8 42.Rbb1 Ra7 43.Rb6 Rb7
44.Rgb1 Ra7 45.Rb8 Rxb8 46.Rxb8 Rb7 47.Rxb7 Bxb7 48.Bc7 Ke7 49.Ba5 Bc6 50.Kd4 Ke8
51.Kc3 Ke7 52.Bc7 Ke8 53.Kb4 Ke7 54.Ka5 Ke8 55.Kxa6 Ke7 56.Ba5 Ke8 57.Ka7 Ke7
58.Kb8 Ke8 59.Kc8 Ke7 60.Bd8+ Ke8 61.Bf6 Be4 62.Kc7 Bc6 63.Kb6 Kf7  1/2-1/2

[Event "Berliner Sommer"]
[Site "Berlin"]
[Date "1994.??.??"]
[Round "?"]
[White "Metz, Hartmut"]
[Black "Kuporosov, Viktor"]
[Result "0-1"]
[WhiteElo "2340"]
[BlackElo "2510"]

1.e4 c5 2.Nf3 e6 3.d4 cxd4 4.Nxd4 Nc6 5.Nb5 d6 6.c4 Nf6 7.N1c3 a6 8.Na3 Be7
9.Be2 b6 10.Be3 O-O 11.Rc1 Bd7 12.O-O Qb8 13.f3 Rc8 14.Qd2 Be8 15.Rfd1 Ra7
16.Nc2 Rb7 17.Nd4 Nxd4 18.Bxd4 b5 19.b3 h6 20.Kh1 b4 21.Nb1 Nd7 22.Rf1 Nc5
23.Rce1 Bc6 24.Rd1 a5 25.Qb2 Bf8 26.e5 Rd7 27.exd6 Qxd6 28.Be5 Qe7 29.Rxd7 Nxd7
30.Bg3 e5 31.Bd3 g6 32.Be4 Bxe4 33.fxe4 Bg7 34.Qe2 Nc5 35.Rd1 f5 36.exf5 gxf5
37.Rd5 a4 38.Nd2 axb3 39.axb3 Re8 40.Qf2 Ra8 41.h3 Ne4 42.Nxe4 fxe4 43.Qe1 Qg5
44.Kh2 Qf5 45.Rd2 e3 46.Qxe3 Ra1 47.Re2 Rd1 48.Rd2 Ra1 49.Rf2 Qb1 50.Bxe5 Qg1+
51.Kg3 Re1 52.Qa7 Bxe5+ 53.Kg4 Re4+ 54.Kh5 Qd1+ 55.g4 Qd8 56.Qf7+ Kh8 57.h4  0-1

[Event "Bern op"]
[Site "Bern"]
[Date "1994.??.??"]
[Round "5"]
[White "Fontaine, Robert"]
[Black "Ksieski, Zbigniew"]
[Result "0-1"]
[WhiteElo "2150"]
[BlackElo "2355"]

1.e4 c5 2.Nf3 e6 3.d4 cxd4 4.Nxd4 Nc6 5.Nb5 d6 6.c4 Nf6 7.N5c3 b6 8.Be2 Bb7
9.O-O Be7 10.Be3 O-O 11.f3 Re8 12.Qd2 d5 13.cxd5 exd5 14.exd5 Nb4 15.Bb5 Nbxd5
16.Nxd5 Nxd5 17.Bd4 Bg5 18.Qf2 Bh4 19.Qd2 Bg5 20.Qf2 Re6 21.Bc4 Rh6 22.Bxd5 Qxd5
23.Be3 Qd6 24.g3 Bxe3 25.Qxe3 Re6 26.Qf2 Ba6 27.Re1 Rxe1+ 28.Qxe1 Qd4+ 29.Kh1 Qxb2
30.Nc3 Rc8 31.Nd5 Be2 32.Nf4 Bxf3+ 33.Kg1 g5  0-1

[Event "Ciocaltea mem"]
[Site "Bucharest"]
[Date "1994.??.??"]
[Round "4"]
[White "Milu, Romeo Sorin"]
[Black "Brodsky, Michail"]
[Result "0-1"]
[WhiteElo "2430"]
[BlackElo "2500"]

1.e4 c5 2.Nf3 e6 3.d4 cxd4 4.Nxd4 Nc6 5.Nb5 d6 6.c4 Nf6 7.N5c3 Be7 8.g3 b6
9.Bg2 Bb7 10.O-O O-O 11.b3 Rc8 12.Bb2 Qc7 13.Na3 Qb8 14.Nc2 a6 15.Qe2 Rfe8
16.Rad1 Nd7 17.Rd2 Na7 18.Rfd1 Bf8 19.Nd4 g6 20.Qg4 Qc7 21.Rc1 Bh6 22.f4 Bg7
23.Qd1 Rcd8 24.Nde2 Nf6 25.h3 b5 26.cxb5 Qb6+ 27.Kh2 axb5 28.b4 e5 29.Nd5 Nxd5
30.exd5 Nc8 31.fxe5 dxe5 32.Rc5 Nd6 33.Nc3 Bc8 34.Rc6 Qb8 35.Rxd6 Qxd6 36.a3 Qb6
37.Qf1 Bd7 38.Ne4 Bf5 39.Nc5 h5 40.Qd1 e4 41.Bxg7 Kxg7 42.Re2 Qd6 43.Nxe4 Qe5
44.Qe1 Qxd5 45.Nc3 Rxe2 46.Qxe2 Bd3 47.Qd2 Qe5 48.h4 Rd4 49.Kg1  0-1

[Event "Schneider mem"]
[Site "Budapest"]
[Date "1994.??.??"]
[Round "?"]
[White "Szakolczai, Peter"]
[Black "Fogarasi, Tibor"]
[Result "0-1"]
[WhiteElo "2240"]
[BlackElo "2415"]

1.e4 c5 2.Nf3 e6 3.d4 cxd4 4.Nxd4 Nc6 5.Nb5 d6 6.c4 Nf6 7.N1c3 a6 8.Na3 Be7
9.Be2 O-O 10.O-O b6 11.Be3 Bb7 12.f3 Ne5 13.Qb3 Ned7 14.Rfd1 Rc8 15.Rac1 Qc7
16.Na4 Nc5 17.Qc2 Rfe8 18.Nc3 d5 19.cxd5 exd5 20.exd5 Bd6 21.Bf2 Bxh2+ 22.Kh1 Bf4
23.Nc4 Bxc1 24.Qxc1 b5 25.d6 Qd8 26.d7 Ncxd7  0-1

[Event "Budapest FS08 GM"]
[Site "Budapest"]
[Date "1994.??.??"]
[Round "1"]
[White "Almasi, Istvan"]
[Black "Fogarasi, Tibor"]
[Result "0-1"]
[WhiteElo "2380"]
[BlackElo "2445"]

1.e4 c5 2.Nf3 e6 3.d4 cxd4 4.Nxd4 Nc6 5.Nb5 d6 6.Bf4 e5 7.Be3 a6 8.N5c3 Nf6
9.Bc4 Be7 10.Bg5 O-O 11.Bxf6 Bxf6 12.O-O b5 13.Bd5 Bb7 14.a3 Rc8 15.Ne2 Qb6
16.Nbc3 a5 17.Bb3 Ne7 18.Qd3 Bc6 19.Rfd1 Rfd8 20.Ng3 b4 21.axb4 axb4 22.Na4 Qb7
23.Qe3 Rb8 24.Qf3 Ng6 25.Bc4 Nf4 26.b3 g6 27.Nb2 Bg7 28.Nd3 d5 29.exd5 Bxd5
30.Bxd5 Qxd5 31.Ne4 Qc6 32.g3 f5 33.gxf4 fxe4 34.Qg2 exf4 35.Nxf4 Bxa1 36.Rxa1 Qf6
37.Qxe4 Qxa1+ 38.Kg2 Qf6 39.Qc4+ Qf7  0-1

[Event "Budapest FS06 GM"]
[Site "Budapest"]
[Date "1994.??.??"]
[Round "2"]
[White "Howell, James C"]
[Black "Fogarasi, Tibor"]
[Result "0-1"]
[WhiteElo "2495"]
[BlackElo "2415"]

1.e4 c5 2.Nf3 e6 3.d4 cxd4 4.Nxd4 Nc6 5.Nb5 d6 6.c4 Nf6 7.N5c3 Be7 8.Be2 O-O
9.O-O b6 10.Bf4 Bb7 11.Re1 Qd7 12.Bf1 Rfd8 13.Nd2 Ne5 14.Rc1 Ng6 15.Bg3 Rac8
16.f4 h6 17.h3 a6 18.Bd3 Bc6 19.a4 Qb7 20.Qe2 Qa8 21.Rf1 Nd7 22.Nf3 Re8 23.e5 dxe5
24.fxe5 Nc5 25.Bc2 Rcd8 26.b4 Nd7 27.b5 axb5 28.axb5 Bb7 29.Ne4 Nc5 30.Nfd2 Qa3
31.Kh2 Qb2 32.Nxc5 Bxc5 33.Ne4 Bxe4 34.Qxe4 Rd2 35.Rxf7 Kxf7 36.Qxg6+ Ke7
37.Rd1 Rxd1 38.Bxd1 Qd4 39.Bg4 Qg1+  0-1

[Event "Budapest Spring op"]
[Site "Budapest"]
[Date "1994.??.??"]
[Round "3"]
[White "Bolehradski, Jovica"]
[Black "Fogarasi, Tibor"]
[Result "0-1"]
[WhiteElo "2175"]
[BlackElo "2415"]

1.e4 c5 2.Nf3 e6 3.d4 cxd4 4.Nxd4 Nc6 5.Nb5 d6 6.c4 Nf6 7.N1c3 a6 8.Na3 Be7
9.Be2 O-O 10.O-O b6 11.f4 Bb7 12.Be3 Rc8 13.Rc1 Re8 14.Bf3 Nd7 15.Nab1 Nc5
16.Nd2 Nd3 17.Rb1 Bf6 18.Kh1 b5 19.cxb5 axb5 20.Ne2 Nxb2 21.Qb3 Na5 22.Qxb5 Bc6
23.Qb6 Qxb6 24.Bxb6 Nac4 25.Nxc4 Nxc4 26.Rb4 d5 27.exd5 exd5 28.Nd4 Nxb6  0-1

[Event "Budapest FS03 GM"]
[Site "Budapest"]
[Date "1994.??.??"]
[Round "4"]
[White "Anka, Emil"]
[Black "Horvath, Jozsef"]
[Result "1-0"]
[WhiteElo "2390"]
[BlackElo "2515"]

1.e4 c5 2.Nf3 e6 3.d4 cxd4 4.Nxd4 Nc6 5.Nb5 d6 6.c4 Nf6 7.N1c3 a6 8.Na3 b6
9.Be2 Bb7 10.O-O Nb8 11.f3 Be7 12.Be3 Nbd7 13.Qd2 O-O 14.Rfd1 Rc8 15.Rac1 Qc7
16.Bf1 Qb8 17.Nab1 Bd8 18.Kh1 Bc7 19.g3 Rfd8 20.Qf2 Ne5 21.Bd4 d5 22.exd5 exd5
23.Bh3 dxc4 24.Bxe5 Bxe5 25.Bxc8 Rxc8 26.Nd2 b5 27.Nde4 Bxc3 28.bxc3 Nxe4
29.fxe4 Bxe4+ 30.Kg1 Bd3 31.Re1 Qd6 32.Re3 g6 33.Rce1 Rc7 34.Re8+ Kg7 35.g4 Qc5
36.R1e3 Qg5 37.Qg3 Rd7 38.h4 Qf6 39.g5 Qf1+ 40.Kh2 Rd5 41.Rf3 Qc1 42.Qb8 Qd2+
43.Kg3 Rxg5+ 44.hxg5 Qxg5+ 45.Kh2 Qd2+ 46.Kh1 Qc1+ 47.Kg2 Qd2+ 48.Rf2 Qxc3
49.Rg8+ Kh6 50.Qh2+ Kg5 51.Qg3+ Kh5 52.Rf5+ Bxf5 53.Qxc3  1-0

[Event "Budapest FS04 IM-A"]
[Site "Budapest"]
[Date "1994.??.??"]
[Round "4"]
[White "Pikler, Tamas"]
[Black "Kabatianski, Alexandr"]
[Result "1/2-1/2"]
[WhiteElo "2210"]
[BlackElo "2365"]

1.e4 c5 2.Nf3 e6 3.d4 cxd4 4.Nxd4 Nc6 5.Nb5 d6 6.c4 Nf6 7.N1c3 a6 8.Na3 b6
9.Be2 Bb7 10.O-O Ne5 11.f4 Ned7 12.Bf3 Be7 13.Qc2 O-O 14.Kh1 Qc7 15.Be3 Rac8
16.Rac1 Qb8 17.Nab1 Rfe8 18.Nd2 Bf8 19.a3 g6 20.e5 Bxf3 21.Nxf3 Ng4 22.Bd4 f5
23.exf6 Ngxf6 24.Ne4 Bg7 25.Nxf6+ Nxf6 26.Rfe1 Re7 27.Qd3 Rf8  1/2-1/2

[Event "Budapest FS07 GM"]
[Site "Budapest"]
[Date "1994.??.??"]
[Round "4"]
[White "Anka, Emil"]
[Black "Szabolcsi, Janos"]
[Result "1-0"]
[WhiteElo "2390"]
[BlackElo "2450"]

1.e4 c5 2.Nf3 e6 3.d4 cxd4 4.Nxd4 Nc6 5.Nb5 d6 6.c4 Nf6 7.N1c3 a6 8.Na3 Be7
9.Be2 O-O 10.O-O b6 11.Be3 Bb7 12.Qb3 Nd7 13.Rac1 Bf6 14.Rfd1 Nc5 15.Qc2 Nb4
16.Qd2 Bxc3 17.bxc3 Nxe4 18.Qb2 Nc6 19.c5 b5 20.cxd6 Qb8 21.Bf4 e5 22.Bf3 Nxf2
23.Qxf2 exf4 24.Qh4 Ne5 25.Bxb7 Ng6 26.Qf2 Qxb7 27.c4 bxc4 28.Nxc4 Rac8 29.d7 Rcd8
30.Na5 Qe4 31.Nc6 Qe6 32.Nxd8 Rxd8 33.Qe1 Ne5 34.Rc8 Qb6+ 35.Qf2 Qf6 36.Qxf4  1-0

[Event "Budapest FS07 GM"]
[Site "Budapest"]
[Date "1994.??.??"]
[Round "7"]
[White "Anka, Emil"]
[Black "Eriksson, Anders"]
[Result "1/2-1/2"]
[WhiteElo "2390"]
[BlackElo "2315"]

1.e4 c5 2.Nf3 e6 3.d4 cxd4 4.Nxd4 Nc6 5.Nb5 d6 6.c4 Nf6 7.N1c3 a6 8.Na3 b6
9.Be2 Bb7 10.O-O Nb8 11.f3 Nbd7 12.Be3 Be7 13.Rc1 O-O 14.Nab1 Rc8 15.b3 Re8
16.Kh1 Qc7 17.Qe1 Qb8 18.Qf2 Bc6 19.g4 Rf8 20.g5 Ne8 21.a4 f5 22.gxf6 Nexf6
23.Qg3 Rce8 24.Qh3 Bd8 25.Nd2 Nc5 26.Bd4 g6 27.Rf2 e5 28.Be3 Bd7 29.Qf1 Nh5
30.b4 Ne6 31.Nd5 Nhf4 32.Qd1 a5 33.bxa5 bxa5 34.Rb1 Qc8 35.Nb6 Bxb6 36.Rxb6 Bc6
37.Nb1 Nxe2 38.Qxe2 Nd4 39.Bxd4 exd4 40.Nd2 Bxa4 41.Rxd6 Rd8 42.e5 Rxd6 43.exd6 Qf5
44.Qe4 Qxe4 45.Nxe4 Bc6 46.Rd2 Rxf3 47.Rxd4 Rf4 48.Kg1 Kf8 49.d7 Bxd7 50.Rxd7 Rxe4
51.Ra7  1/2-1/2

[Event "Calcutta op2"]
[Site "Calcutta"]
[Date "1994.??.??"]
[Round "?"]
[White "Ramesh, RB."]
[Black "Al Modiahki, Mohamad"]
[Result "1-0"]
[WhiteElo "2265"]
[BlackElo "2380"]

1.e4 c5 2.Nf3 e6 3.d4 cxd4 4.Nxd4 Nc6 5.Nb5 d6 6.c4 Nf6 7.N1c3 a6 8.Na3 b6
9.Be2 Bb7 10.O-O Nb8 11.f3 Nbd7 12.Be3 Be7 13.Qd2 O-O 14.Rfd1 Rc8 15.Rac1 Qc7
16.Bf1 Qb8 17.Kh1 Kh8 18.Nc2 Rg8 19.b3 Ne5 20.Bd4 g5 21.Re1 Bd8 22.Rcd1 Rg6
23.Be3 d5 24.exd5 Rh6 25.h3 exd5 26.Bd4 Nfd7 27.Ne3 dxc4 28.Ng4 Re6 29.Bxc4 Rxc4
30.bxc4 f6 31.Bxe5 Nxe5  1-0

[Event "Calcutta op2"]
[Site "Calcutta"]
[Date "1994.??.??"]
[Round "?"]
[White "Ganguly, Surya Shekhar"]
[Black "Singh, Pritam"]
[Result "1-0"]
[WhiteElo "2130"]
[BlackElo "2305"]

1.e4 c5 2.Nf3 e6 3.d4 cxd4 4.Nxd4 Nc6 5.Nb5 d6 6.c4 a6 7.N5c3 Nf6 8.Be2 Be7
9.O-O b6 10.Be3 Bb7 11.Na3 Qc7 12.Qd2 Ne5 13.f3 O-O 14.Rac1 Rac8 15.Rfd1 Rfd8
16.Bf1 d5 17.cxd5 Neg4 18.fxg4 Nxg4 19.e5 Qxe5 20.Bf4 Bc5+ 21.Kh1 Qh5 22.Bg3 Be3
23.Qe2 exd5 24.h3 d4 25.Qxg4 Qxg4 26.hxg4 dxc3 27.Rxd8+ Rxd8 28.Rxc3 Bc5
29.Rd3 Re8 30.Nc2 a5 31.Rd2 Re6 32.Rd8+ Bf8 33.Nd4 Rh6+ 34.Kg1 Be4 35.Nb5  1-0

[Event "Calcutta op"]
[Site "Calcutta"]
[Date "1994.??.??"]
[Round "9"]
[White "Barua, Dibyendu"]
[Black "Mishra, Neeraj Kumar"]
[Result "0-1"]
[WhiteElo "2510"]
[BlackElo "2375"]

1.e4 c5 2.Nf3 e6 3.d4 cxd4 4.Nxd4 Nc6 5.Nb5 d6 6.c4 Nf6 7.N1c3 a6 8.Na3 Be7
9.Be2 O-O 10.O-O b6 11.Be3 Bb7 12.f3 Qc7 13.Rc1 Rac8 14.Nd5 exd5 15.cxd5 b5
16.dxc6 Bxc6 17.Nc2 Qb8 18.g4 h6 19.Nd4 Bd7 20.Qd2 d5 21.Nf5 Bxf5 22.exf5 Bd6
23.Bd3 Rxc1 24.Rxc1 Re8 25.Re1 Be5 26.Qf2 Bf4 27.Kg2 Bxe3 28.Rxe3 Qf4 29.Rxe8+ Nxe8
30.Qe1 Nf6 31.h4 Qd4 32.Qe2 Kf8 33.Qc2 Nd7 34.a4 Qxa4 35.Qc7 Ke7 36.f6+ gxf6
37.Bf5 b4 38.f4 Qb5 39.g5 fxg5 40.fxg5 h5 41.Bxd7 Qxd7 42.Qe5+ Qe6 43.Qc7+ Kf8
44.Qc5+ Kg7 45.Qxb4 Qe2+ 46.Kg3 Qe5+ 47.Kg2 Qe2+ 48.Kg3 Qc4 49.Qe1 Qb3+  0-1

[Event "Cappelle op"]
[Site "Cappelle la Grande"]
[Date "1994.??.??"]
[Round "6"]
[White "Kengis, Edvins"]
[Black "Ninov, Kiril"]
[Result "1/2-1/2"]
[WhiteElo "2565"]
[BlackElo "2415"]

1.e4 c5 2.Nf3 e6 3.d4 cxd4 4.Nxd4 Nc6 5.Nb5 d6 6.c4 Nf6 7.N5c3 Be7 8.Be2 O-O
9.O-O b6 10.Bf4 Bb7 11.Re1 a6 12.Nd2 Qc7 13.Rc1 Ne5 14.a3 Rac8 15.Bf1 Qb8
16.Bg3 Ng6 17.Qe2 Nd7 18.Qe3 Rfe8 19.Kh1 Bh4 20.Bxh4 Nxh4 21.Rcd1 Ba8 22.f4 Ng6
23.Qg3 Nf6 24.Be2 Rcd8 25.Rf1 e5 26.fxe5 Rxe5 27.Bf3 b5 28.Qf2 b4 29.Nd5 Bxd5
30.cxd5 Re7 31.Qd4 bxa3 32.bxa3 Ne5 33.Be2 a5 34.a4 Rc7 35.Bb5 Rdc8 36.Ba6 Rd8
37.Nf3 Nfd7 38.Bb5 Re8 39.Qd2 Qb6 40.Nd4 f6 41.Qf4 Rf8 42.Nc6 Kf7 43.Qh4 h6
44.Nd4 Nc5 45.Qf2 Qa7 46.Rfe1 Kg8 47.h3 Nb3 48.Rf1 Nxd4 49.Rxd4 Kf7 50.Qd2 Rc5  1/2-1/2

[Event "Casablanca"]
[Site "Casablanca"]
[Date "1994.??.??"]
[Round "1"]
[White "Spraggett, Kevin"]
[Black "Plachetka, Jan"]
[Result "1/2-1/2"]
[WhiteElo "2550"]
[BlackElo "2435"]

1.e4 c5 2.Nf3 e6 3.d4 cxd4 4.Nxd4 Nc6 5.Nb5 d6 6.c4 a6 7.N5c3 Nf6 8.Be2 Be7
9.O-O O-O 10.Na3 b6 11.Be3 Re8 12.Rc1 Rb8 13.Qd2 Ne5 14.Rfd1 Bb7 15.f3 Bf8
16.Bf1 d5 17.exd5 exd5 18.Nxd5 Nxd5 19.cxd5 Qf6 20.Nc4 Nxc4 21.Rxc4 b5 22.Rd4 Rxe3
23.Qxe3 Bc5 24.d6 Rd8 25.Kh1 g6 26.f4 Bd5 27.b3 Bxd4 28.Qxd4 Qxd4 29.Rxd4 Rxd6
30.Kg1 Kf8 31.Kf2  1/2-1/2

[Event "Copenhagen op16"]
[Site "Copenhagen"]
[Date "1994.??.??"]
[Round "8"]
[White "Backlund, Anders"]
[Black "Ksieski, Zbigniew"]
[Result "0-1"]
[WhiteElo "2130"]
[BlackElo "2355"]

1.e4 c5 2.Nf3 e6 3.d4 cxd4 4.Nxd4 Nc6 5.Nb5 d6 6.c4 Nf6 7.N1c3 a6 8.Na3 b6
9.Be2 Bb7 10.O-O Be7 11.Be3 O-O 12.f4 Re8 13.Rc1 d5 14.cxd5 exd5 15.Nxd5 Nxd5
16.exd5 Nb4 17.Bc4 b5 18.Bb3 Bxd5 19.Bxd5 Nxd5 20.Bd4 Nb4 21.Rc3 Bf8 22.Nc2 Re4
23.Be5 Qxd1 24.Rxd1 Nxa2 25.Rc7 f6 26.Rd4 Rxd4 27.Bxd4 Bd6 28.Rc6 Bxf4 29.g3 Bd2
30.Kf2 Nb4 31.Nxb4 Bxb4 32.Kf3 Rd8 33.Ke4 Rd6 34.Rc7 h5 35.Be3 Re6+ 36.Kf3 Kh7
37.h4 Kg6 38.Rd7 Bd6 39.b3 Bxg3 40.Kxg3 Rxe3+  0-1

[Event "CZE-ch"]
[Site "?"]
[Date "1994.??.??"]
[Round "8"]
[White "Trapl, Jindrich"]
[Black "Suran, Jan"]
[Result "1-0"]
[WhiteElo "2375"]
[BlackElo "2180"]

1.e4 c5 2.Nf3 e6 3.d4 cxd4 4.Nxd4 Nc6 5.Nb5 d6 6.c4 Nf6 7.N1c3 a6 8.Na3 Be7
9.Be2 O-O 10.O-O b6 11.Be3 Bb7 12.Qb3 Nd7 13.Rfd1 Nc5 14.Qc2 Qc7 15.Rac1 Nb4
16.Qd2 Rac8 17.f3 Rfd8 18.Bf4 Qb8 19.Nc2 Nxc2 20.Qxc2 Nd7 21.b4 Bc6 22.Qb3 Ne5
23.a4 Nd7 24.Qa3 Ba8 25.a5 bxa5 26.Qxa5 Qb6+ 27.Qxb6 Nxb6 28.Na2 Bb7 29.Rd2 Rc6
30.Rdc2 Kf8 31.Be3 Nd7 32.Nc3 Ra8 33.Na4 Bd8 34.Kf2 Ke7 35.Rd2 Nb6 36.Nb2 a5
37.b5 Rcc8 38.e5 dxe5 39.Rxd8 Rxd8 40.Bxb6  1-0

[Event "CZE-chT"]
[Site "?"]
[Date "1994.??.??"]
[Round "?"]
[White "Rasik, Vitezslav"]
[Black "Jansa, Vlastimil"]
[Result "1/2-1/2"]
[WhiteElo "2425"]
[BlackElo "2515"]

1.e4 c5 2.Nf3 e6 3.d4 cxd4 4.Nxd4 Nc6 5.Nb5 d6 6.Bf4 e5 7.Be3 Nf6 8.Bg5 Qa5+
9.Bd2 Qd8 10.Bg5 Qa5+ 11.Bd2 Qd8 12.Bg5 Qa5+  1/2-1/2

[Event "CZE-chT"]
[Site "?"]
[Date "1994.??.??"]
[Round "?"]
[White "Oral, Tomas"]
[Black "Haba, Petr"]
[Result "1-0"]
[WhiteElo "2375"]
[BlackElo "2475"]

1.e4 c5 2.Nf3 e6 3.d4 cxd4 4.Nxd4 Nc6 5.Nb5 d6 6.c4 Nf6 7.N1c3 a6 8.Na3 b6
9.Be3 Bb7 10.Be2 Nb8 11.f3 Nbd7 12.O-O Be7 13.Qe1 O-O 14.Qf2 Rc8 15.Rac1 Qc7
16.Rfd1 Kh8 17.Kh1 Rg8 18.b4 g5 19.Na4 g4 20.Nxb6 gxf3 21.Bxf3 Nxe4 22.Qc2 Nxb6
23.Bxe4 Rg4 24.Rd4 Rcg8 25.Bxb7 Qxb7 26.Rxg4 Rxg4 27.Qf2 Nd7 28.Qf3 Qe4 29.b5 axb5
30.cxb5 d5 31.Rc8+ Kg7 32.Nc2 Qg6 33.b6 d4 34.h3 Nxb6 35.Rc6 Rg3 36.Bxd4+ Kg8
37.Qf2 Nd7 38.Rc7 Bh4 39.Rxd7 e5 40.Bxe5 Rd3 41.Rxd3  1-0

[Event "Djakovo op"]
[Site "Djakovo"]
[Date "1994.??.??"]
[Round "5"]
[White "Martic, Zlatko"]
[Black "Cebalo, Miso"]
[Result "1/2-1/2"]
[WhiteElo "2265"]
[BlackElo "2520"]

1.e4 c5 2.Nf3 e6 3.d4 cxd4 4.Nxd4 Nc6 5.Nb5 d6 6.c4 Nf6 7.N5c3 Be7 8.Be2 b6
9.O-O Bb7 10.Be3 Nb8 11.Nd2 Nbd7 12.Rc1 a6 13.a3 Rc8 14.b4 Qc7 15.Qc2 Qb8
16.Qb1 O-O 17.Rfd1 Rfe8 18.Bf4 Ne5 19.Re1 Bf8 20.Qb3 g6 21.h3 Bg7 22.Bf1 h6
23.Na4 Bc6 24.b5 axb5 25.cxb5 Ba8 26.Qe3 Nfd7 27.Bxh6 Bxh6 28.Qxh6 Qa7 29.Nb2 Rxc1
30.Rxc1 Qxa3 31.Ndc4 Nxc4 32.Nxc4 Qb4 33.Rd1 d5 34.exd5 Bxd5 35.Ne3 Nf6 36.Qg5 Qb2
37.Bd3 Kg7 38.Bc4 Ne4 39.Qf4 g5 40.Qf3 Ba8 41.Ng4 f5 42.Ne3 Re7 43.Rd8 Bb7
44.h4 Qa1+ 45.Bf1 Nf6 46.Qg3 g4 47.Qf4 Nh7 48.Qb8 Nf6 49.Qd6 Kf7 50.Nc4 Ne8
51.Qf4 Qf6 52.Ne5+ Kg7 53.Nd7 Qxh4 54.Qb8 g3 55.Qe5+ Kh7 56.fxg3 Qh6  1/2-1/2

[Event "Hessen-ch"]
[Site "Doernigheim"]
[Date "1994.??.??"]
[Round "8"]
[White "Zude, Arno"]
[Black "Schwarz, Peter"]
[Result "1-0"]
[WhiteElo "2435"]
[BlackElo "2300"]

1.e4 c5 2.Nf3 e6 3.d4 cxd4 4.Nxd4 Nc6 5.Nb5 Nf6 6.N1c3 Bb4 7.a3 Bxc3+ 8.Nxc3 d5
9.exd5 exd5 10.Bd3 O-O 11.O-O d4 12.Ne2 Bg4 13.Bg5 Qd6 14.f3 Bh5 15.Qe1 Bg6
16.Rd1 Rad8 17.Qf2 Rd7 18.Rd2 Rfd8 19.Rfd1 Qe5 20.f4 Qe7 21.f5 Bh5 22.Re1 Bxe2
23.Rdxe2 Qf8 24.Qh4 Rd6 25.g4 h6 26.Bf4 R6d7 27.g5 Nd5 28.gxh6 Nxf4 29.Qxf4 f6
30.Bc4+ Kh8 31.Be6 Re7 32.hxg7+ Rxg7+ 33.Kh1 d3 34.cxd3 Rxd3 35.Qh6+  1-0

[Event "Eger"]
[Site "Eger"]
[Date "1994.??.??"]
[Round "6"]
[White "Ricci, Marco"]
[Black "Szabolcsi, Janos"]
[Result "0-1"]
[WhiteElo "2320"]
[BlackElo "2450"]

1.e4 c5 2.Nf3 e6 3.d4 cxd4 4.Nxd4 Nc6 5.Nb5 d6 6.c4 Nf6 7.N1c3 a6 8.Na3 Be7
9.Be2 O-O 10.O-O b6 11.Be3 Bb7 12.Rc1 Ne5 13.Qd4 Ned7 14.Rfd1 Re8 15.Nc2 Qc7
16.Kh1 Rad8 17.f3 d5 18.cxd5 exd5 19.Nxd5 Bxd5 20.exd5 Bc5 21.Qc3 Qb7 22.Bc4 Rc8
23.Qd2 b5 24.Bb3 Rcd8 25.Re1 h6 26.a3 Bd6 27.Nd4 Nc5 28.Ba2 Na4 29.Nf5 Be5
30.Bxh6 Nh7 31.Bg5 f6 32.d6+ Kh8 33.Ne7 Nf8 34.Rxe5 fxe5 35.Qb4 e4 36.Rc7 Qxc7  0-1

[Event "FIN-chT"]
[Site "?"]
[Date "1994.??.??"]
[Round "?"]
[White "Ristoja, Thomas W"]
[Black "Haapasalo, Jukka Pekka"]
[Result "0-1"]
[WhiteElo "2260"]
[BlackElo "2235"]

1.e4 c5 2.Nf3 e6 3.d4 cxd4 4.Nxd4 Nc6 5.Nb5 d6 6.c4 Nf6 7.N1c3 a6 8.Na3 b6
9.Be2 Bb7 10.O-O Nb8 11.Bf3 Nbd7 12.g3 Rc8 13.Bg2 Qc7 14.Be3 Be7 15.Rc1 O-O
16.h3 Qb8 17.Re1 Qa8 18.Bd2 Rfe8 19.g4 Ne5 20.Qe2 Nfd7 21.f4 Ng6 22.Nc2 Nh4
23.Bh1 d5 24.cxd5 exd5 25.e5 Bc5+ 26.Kh2 g5 27.b4 Bf8 28.Qd3 gxf4 29.Nxd5 Ng6
30.Na3 Rxc1 31.Bxc1 Ngxe5 32.Qd1 f3 33.Nf4 f2 34.Rf1 Bxh1 35.Rxf2 Be4 36.Bb2 Bg6
37.Nh5 Nd3 38.Nc4 Qe4 39.Qf3 Nxb2 40.Qc3 Qxc4  0-1

[Event "Garmisch"]
[Site "Garmisch"]
[Date "1994.??.??"]
[Round "5"]
[White "Lutz, Christopher"]
[Black "Bischoff, Klaus"]
[Result "1-0"]
[WhiteElo "2580"]
[BlackElo "2525"]

1.e4 c5 2.Nf3 e6 3.d4 cxd4 4.Nxd4 Nc6 5.Nb5 d6 6.c4 Nf6 7.N1c3 a6 8.Na3 Be7
9.Be2 O-O 10.O-O Bd7 11.Be3 b6 12.f4 Ra7 13.Bf3 Qb8 14.Qe2 Rb7 15.Rad1 Rc8
16.Rd2 Be8 17.Rfd1 Nd7 18.g3 Rbc7 19.Qf1 Nf6 20.g4 Nd7 21.g5 Nc5 22.Be2 Na7
23.f5 Nc6 24.f6 Bf8 25.Bf4 Ne5 26.fxg7 Bxg7 27.Rxd6 Bc6 28.Bh5 Rf8 29.Qe2 Qb7
30.Rd8 Rc8 31.Rxf8+ Rxf8 32.Qe3 Ncd7 33.b4 Qb8 34.b5 axb5 35.cxb5  1-0

[Event "Arnold Cup"]
[Site "Gausdal"]
[Date "1994.??.??"]
[Round "9"]
[White "Ernst, Thomas"]
[Black "Kiik, Kalle"]
[Result "0-1"]
[WhiteElo "2480"]
[BlackElo "2400"]

1.e4 c5 2.Nf3 e6 3.d4 cxd4 4.Nxd4 Nc6 5.Nb5 d6 6.c4 Nf6 7.N1c3 a6 8.Na3 Be7
9.Be2 O-O 10.O-O b6 11.Be3 Bb7 12.Qb3 Nd7 13.Rfd1 Nc5 14.Qc2 Qc7 15.Rac1 Nb4
16.Qd2 Rac8 17.Nc2 Nxc2 18.Qxc2 Bf6 19.f3 Be5 20.Kh1 Qe7 21.Bf1 Qh4 22.Bg1 f5
23.exf5 Rxf5 24.Nd5 Rcf8 25.Ne3 Rh5 26.Ng4 Ne4 27.Qxe4 Bxe4 28.Nxe5 Bb7 29.Nd7 Rxf3  0-1

[Event "BL2-W9394"]
[Site "Germany"]
[Date "1994.??.??"]
[Round "?"]
[White "Kengis, Edvins"]
[Black "Teske, Henrik"]
[Result "1/2-1/2"]
[WhiteElo "2565"]
[BlackElo "2495"]

1.e4 c5 2.Nf3 e6 3.d4 cxd4 4.Nxd4 Nc6 5.Nb5 d6 6.c4 Nf6 7.N5c3 b6 8.Be2 Bb7
9.Bf4 Be7 10.O-O O-O 11.Re1 Rc8 12.Nd2 Qd7 13.Rc1 Rfd8 14.a3 h6 15.h3 Bf8
16.Bf1 g6 17.Nb5 Bg7 18.b4 Ne8 19.Nf3 e5 20.Bd2 f5 21.Nc3 Nf6 22.Bd3 Ne7
23.a4 Kh7 24.b5 a5 25.Qe2 Rg8 26.Nh2 f4  1/2-1/2

[Event "Groningen op"]
[Site "Groningen"]
[Date "1994.??.??"]
[Round "7"]
[White "Stisis, Yaacov"]
[Black "Brenninkmeijer, Joris"]
[Result "0-1"]
[WhiteElo "2400"]
[BlackElo "2490"]

1.e4 c5 2.Nf3 e6 3.d4 cxd4 4.Nxd4 Nc6 5.Nb5 d6 6.c4 Nf6 7.N5c3 Be7 8.Be2 O-O
9.O-O b6 10.b3 Bb7 11.f4 d5 12.cxd5 exd5 13.e5 Bc5+ 14.Kh1 Ne4 15.Nxe4 dxe4
16.Ba3 Qe7 17.Qc1 Nb4 18.Bxb4 Bxb4 19.a3 Bc5 20.b4 Bd4 21.Ra2 Qe6 22.Bc4 Bd5
23.Rc2 Bxc4 24.Rxc4 Rac8 25.Rxc8 Rxc8 26.Qd1 Qc4 27.Nd2 Qd3 28.Re1 e3 29.Nb3 Qxd1
30.Rxd1 Bc3 31.Nc1 Bb2 32.Ne2 Bxa3 33.g4 Bxb4 34.Kg2 Kf8 35.Rd7 a5 36.Kf3 a4
37.Rd4 Bc5 38.Rxa4 Rd8 39.Nc3 Rd2 40.Ne4 e2 41.Ra8+ Ke7 42.Ra7+ Kd8 43.Ra8+ Kc7
44.Ra1 Rd3+ 45.Kxe2 Re3+ 46.Kd2 Rxe4 47.Ra7+ Kc6 48.Rxf7 Rd4+ 49.Ke2 Rd7
50.Rf5 b5 51.Rh5 b4 52.Rh3 Kb5 53.e6 Rd4 54.Re3 Rd8 55.Rf3 Kc4 56.f5 b3  0-1

[Event "Hania op"]
[Site "Hania"]
[Date "1994.??.??"]
[Round "3"]
[White "Nikolaidis, Konstantinos"]
[Black "Rytshagov, Mikhail"]
[Result "1/2-1/2"]
[WhiteElo "2270"]
[BlackElo "2460"]

1.e4 c5 2.Nf3 e6 3.d4 cxd4 4.Nxd4 Nc6 5.Nb5 d6 6.c4 Nf6 7.N1c3 a6 8.Na3 Be7
9.Be2 O-O 10.O-O b6 11.Be3 Bb7 12.Qd3 Nd7 13.Rfd1 Qc7 14.Rac1 Nc5 15.Qc2 Bf6
16.Nab1 Rfd8 17.a3 a5 18.b3 Qe7 19.Rd2 Rd7 20.Rcd1 Rad8 21.Bf3 Ba8 22.Nb5 Na7
23.N5c3 Nc6 24.Nb5 Na7 25.N5c3  1/2-1/2

[Event "SWE-ch"]
[Site "Haparanda"]
[Date "1994.??.??"]
[Round "10"]
[White "Ernst, Thomas"]
[Black "Ornstein, Axel"]
[Result "1/2-1/2"]
[WhiteElo "2480"]
[BlackElo "2445"]

1.e4 c5 2.Nf3 e6 3.d4 cxd4 4.Nxd4 Nc6 5.Nb5 d6 6.c4 Nf6 7.N1c3 a6 8.Na3 Be7
9.Be2 O-O 10.O-O b6 11.Be3 Rb8 12.Rc1 Bb7 13.f3 Re8 14.Nc2 Ba8 15.Qd2 Ne5
16.Rfd1 Qc7 17.b3 Rbc8 18.Nd4 Qb8 19.Kh1 h6 20.Bf1 Rcd8 21.Qf2 Bf8 22.Nc2 Ned7
23.Nd4 Ne5 24.Nc2 Ned7 25.Nd4  1/2-1/2

[Event "Harkany op"]
[Site "Harkany"]
[Date "1994.??.??"]
[Round "1"]
[White "Rogic, Davor"]
[Black "Kragelj, Igor"]
[Result "1-0"]
[WhiteElo "2460"]
[BlackElo "2230"]

1.e4 c5 2.Nf3 Nc6 3.d4 cxd4 4.Nxd4 e6 5.Nb5 d6 6.c4 Nf6 7.N1c3 a6 8.Na3 Be7
9.Be2 O-O 10.O-O b6 11.Be3 Ne5 12.f3 Bb7 13.Qe1 Qc7 14.Rc1 Rfe8 15.Qf2 Ned7
16.Rfd1 Rac8 17.Nc2 Kh8 18.Nd4 Qb8 19.a3 Rg8 20.b4 Bd8 21.Nb3 Bc7 22.Kh1 g5
23.Bd4 Rg6 24.h3 Kg8 25.Bd3 h5 26.Ne2 Rg7 27.c5 bxc5 28.bxc5 dxc5 29.Nxc5 Nxc5
30.Rxc5 e5 31.Be3 h4 32.Rb1 Qa8 33.Qe1 Nd7 34.Rc3 Bd8 35.Qd2 Rg6 36.Bc4 Nf8
37.Rcb3 Bc6 38.Bd5 Be7 39.Nc3 Kg7 40.Qb2 Kg8 41.Bxc6 Qxc6 42.Nd5 Qd6 43.Rb6 Qxa3
44.Qxe5  1-0